Statistics for US States with Concealed Carry in 1990

Click here to take the quiz!

General Stats

  • This quiz has been taken 7 times
  • The average score is 10 of 16

Answer Stats

HintAnswer% Correct
Shall IssueIdaho
100%
Shall IssueAlabama
86%
Shall IssueGeorgia
86%
Shall IssueMississippi
86%
Shall IssueFlorida
71%
Shall IssueNorth Dakota
71%
Shall IssueSouth Dakota
71%
Shall IssueIndiana
57%
Shall IssueMaine
57%
Shall IssueNew Hampshire
57%
Shall IssueOregon
57%
UnrestrictedVermont
57%
Shall IssueWashington
57%
Shall IssueWest Virginia
43%
Shall IssuePennsylvania
14%
Shall IssueRhode Island
14%

Score Distribution

Percentile by Number Answered

Percent of People with Each Score

Your Score History

You have not taken this quiz